| 000 | 00946nam a2200313Ia 4500 | ||
|---|---|---|---|
| 001 | Para_6472 | ||
| 003 | CHAP | ||
| 008 | 220125s1921 xx 000 0 und d | ||
| 010 | _a205330 | ||
| 020 | _a(M/BAJA) | ||
| 040 | _cCHAP | ||
| 082 | _aPA-C 595.77 D5 | ||
| 100 |
_aVan Duzee, M.C. _9171350 |
||
| 245 |
_aThe dipterous genus dolichopus latreille in North America / _c by M.C. Van Duzee, F.R. Cole and J.M. Aldrich |
||
| 260 |
_aWashington : _b United States National Museum |
||
| 300 | _a304 p. | ||
| 440 |
_aDíptera; 3 _9171351 |
||
| 500 | _aEncuadernado con otros impresos similares | ||
| 650 |
_aDípteros _x colecciones de escritos _933718 |
||
| 650 |
_aDolichopus _9171352 |
||
| 700 |
_aCole, F.R. / Aldrich, J.M. _9171353 |
||
| 901 | _aPA-C 595.77 D5 | ||
| 902 | _aM | ||
| 905 | _a0000001921 0000000000 00 | ||
| 910 | _a1921 | ||
| 942 | _cPARA | ||
| 942 |
_cPARA _d1 |
||
| 999 |
_c205330 _d205330 |
||